ADVANCES IN COMPUTER VISION AND INFORMATION TECHNOLOGY/ (Record no. 208434)

MARC details
000 -LEADER
fixed length control field 00591nam a22001937a 4500
005 - DATE AND TIME OF LATEST TRANSACTION
control field 20250113155243.0
010 ## - LCCN (DPL NO)
LC control number ENG-143354
020 ## - INTERNATIONAL STANDARD BOOK NUMBER
International Standard Book Number 9789382527275
Terms of availability 500.00
035 ## - SYSTEM CONTROL NUMBER
System control number EN-126886
037 ## - SOURCE OF ACQUISITION
Source of stock number/acquisition DBAD
082 ## - DEWEY DECIMAL CLASSIFICATION NUMBER
Classification number 004
100 ## - MAIN ENTRY--PERSONAL NAME
Personal name Shetty, Meenakshi
245 ## - TITLE STATEMENT
Title ADVANCES IN COMPUTER VISION AND INFORMATION TECHNOLOGY/
Statement of responsibility, etc By Meenakshi Shetty
260 ## - PUBLICATION, DISTRIBUTION, ETC. (IMPRINT)
Place of publication, distribution, etc Guwahati
Name of publisher, distributor, etc Vivek books
Date of publication, distribution, etc 2016
270 ## - ADDRESS
Address Rajnikanta Goswami path,House NO.31,Lal Ganesh
City Guwahati
300 ## - PHYSICAL DESCRIPTION
Extent 240p.
Other physical details 22cm.(Hb).
500 ## - GENERAL NOTE
General note includes index.
942 ## - ADDED ENTRY ELEMENTS (KOHA)
Source of classification or shelving scheme Dewey Decimal Classification
Item type English Books
Classification part 004
Call number suffix SHE
Holdings
Withdrawn status Lost status Not for loan Collection code Home library Current library Date acquired Source of acquisition Cost, normal purchase price Full call number Barcode Copy number Cost, replacement price Koha item type
      Non-fiction Central Library Central Library 13/01/2025 Delivery of Books Act Division 500.00 004 SHE EN-126886 1 500.00 English Books

© Delhi Public Library
Hit Counter
free hit counter